[Event "SR 2. liga A 2006/2007"]
[Site "?"]
[Date "2006.10.14"]
[Round "1.7"]
[White "Hebelka, Milos"]
[Black "Susko, Peter"]
[Result "1-0"]
[WhiteElo "2102"]
[BlackElo "1955"]
[PlyCount "83"]
[EventDate "2006.??.??"]

1. e4 c5 2. Nf3 d6 3. c4 Nc6 4. d4 cxd4 5. Nxd4 g6 6. Nc3 Bg7 7. Be3 Bd7 8. Be2
Nf6 9. O-O O-O 10. h3 b6 11. Qd2 Rc8 12. b3 Nxd4 13. Bxd4 Bc6 14. Bf3 Qd7 15.
Rad1 Qb7 16. Nd5 Bxd5 17. exd5 Nd7 18. Bxg7 Kxg7 19. a4 f5 20. Rde1 Rf7 21. Bd1
Qc7 22. f4 Qc5+ 23. Kh2 a5 24. Re3 Rc7 25. Rfe1 Kf8 26. Bf3 Nf6 27. g4 fxg4 28.
hxg4 h5 29. g5 Ne8 30. Re6 Qb4 31. Qe3 b5 32. axb5 a4 33. b6 Rb7 34. bxa4 Qxc4
35. Kg3 Ng7 36. Be4 Rf5 37. Rxg6 Rxd5 38. Rxg7 Kxg7 39. Bxd5 Qxd5 40. Qf3 Qd2
41. Re2 Qd1 42. Rxe7+ 1-0

[Event "SR 2. liga A 2006/2007"]
[Site "?"]
[Date "2006.??.??"]
[Round "1.7"]
[White "Isa, Vlastimil"]
[Black "Fedor, Miroslav"]
[Result "1/2-1/2"]
[WhiteElo "2032"]
[BlackElo "1801"]
[PlyCount "80"]
[EventDate "2006.??.??"]

1. e4 c5 2. Nf3 d6 3. Bb5+ Nd7 4. c3 Ngf6 5. d3 g6 6. O-O Bg7 7. Re1 a6 8. Ba4
b5 9. Bb3 Bb7 10. Nbd2 O-O 11. Nf1 Ng4 12. Ng3 Nge5 13. Nxe5 Nxe5 14. f4 Nd7
15. Be3 Qc7 16. Qd2 Rac8 17. Rac1 Nf6 18. h3 c4 19. dxc4 bxc4 20. Bc2 Nd7 21.
Rcd1 Nf6 22. Qf2 Nd7 23. Re2 Rfd8 24. Red2 Bc6 25. Ne2 Qb7 26. Bb1 Bxe4 27.
Bxe4 Qxe4 28. Bd4 Re8 29. Bxg7 Kxg7 30. Ng3 Qc6 31. Kh2 Qc5 32. Qe2 Nf6 33. Ne4
Nxe4 34. Qxe4 f6 35. Re2 Qc6 36. Qe6 Rcd8 37. Rd5 Qd7 38. Qe4 Qc6 39. Qe6 Qd7
40. Qe4 Qc6 1/2-1/2

[Event "SR 2. liga A 2006/2007"]
[Site "?"]
[Date "2006.10.14"]
[Round "1.7"]
[White "Povysil, Peter"]
[Black "Peitl, Tomas"]
[Result "1-0"]
[WhiteElo "2062"]
[BlackElo "2029"]
[PlyCount "51"]
[EventDate "2006.??.??"]

1. Nf3 d5 2. e3 Bg4 3. c4 e6 4. Nc3 Nf6 5. cxd5 exd5 6. Qb3 b6 7. Ne5 c6 8.
Nxg4 Nxg4 9. Be2 Qh4 10. g3 Qg5 11. Nxd5 Bd6 12. Nc3 Qf5 13. f4 Nf6 14. e4 Qc5
15. e5 Bxe5 16. fxe5 Qxe5 17. d4 Qxd4 18. Bf4 Ne4 19. Nxe4 Qxe4 20. Rf1 Nd7 21.
Bd6 Nf6 22. O-O-O Nd5 23. Bb5 Kd8 24. Rfe1 Qg6 25. Bxc6 Rc8 26. Qxd5 1-0

[Event "SR 2. liga A 2006/2007"]
[Site "?"]
[Date "2006.10.14"]
[Round "1.8"]
[White "Jurik, Michal"]
[Black "Srna, Jan"]
[Result "1/2-1/2"]
[WhiteElo "1915"]
[BlackElo "2041"]
[PlyCount "111"]
[EventDate "2006.??.??"]
[TimeControl "240+2"]

{89MB, Fritz8.ctg, KAIKO-2PTA9HT0L} 1. e4 e6 2. d3 d5 3. Nd2 a6 4. Ngf3 c5 5.
g3 Bd6 6. Bg2 Ne7 7. O-O O-O 8. Re1 Qc7 9. e5 Nbc6 10. exd6 Qxd6 11. Nf1 Ng6
12. h4 f6 13. d4 c4 14. c3 b5 15. b4 Ra7 16. a4 Raf7 17. axb5 axb5 18. h5 Nh8
19. Bf4 Qd8 20. Ra8 g5 21. hxg6 hxg6 22. Bh3 f5 23. Bh6 Re8 24. Ng5 Rf6 25. Nh2
Qd7 26. Bg2 Nf7 27. Nxf7 Rxf7 28. Nf3 Qb7 29. Ra2 Rh7 30. Qc1 Nd8 31. Qg5 Nf7
32. Qxg6+ Kh8 33. Bg5 Rg8 34. Bf6+ Rgg7 35. Bxg7+ Rxg7 36. Qf6 Kg8 37. Ne5 Ng5
38. Ng6 Ne4 39. Qd8+ Kh7 40. Nf8+ Kh8 41. Nxe6+ Rg8 42. Qh4+ Qh7 43. Qxh7+ Kxh7
44. Ra7+ Kh6 45. Bxe4 fxe4 46. Nf4 Bg4 47. Kh2 Rh8 48. Rh1 Bf3 49. Ng2 Kg5+ 50.
Kg1 Rf8 51. Rh4 Rb8 52. Ne3 Rd8 53. Ra6 Rg8 54. Rf4 Bg4 55. Rxg4+ Kh5 56. Rxg8
1/2-1/2

[Event "SR 2. liga A 2006/2007"]
[Site "?"]
[Date "2006.10.14"]
[Round "1.8"]
[White "Kolesar, Rastislav"]
[Black "Soltes, Milan"]
[Result "1/2-1/2"]
[WhiteElo "1906"]
[BlackElo "1692"]
[PlyCount "79"]
[EventDate "2006.??.??"]

1. e4 e5 2. Nf3 d6 3. d4 exd4 4. Nxd4 g6 5. Bc4 Bg7 6. O-O Nf6 7. Re1 O-O 8.
Bg5 Nc6 9. Nxc6 bxc6 10. Nc3 Be6 11. Bxe6 fxe6 12. e5 dxe5 13. Rxe5 h6 14. Bh4
g5 15. Bg3 Qxd1+ 16. Rxd1 Rab8 17. Rxe6 Rxb2 18. Rxc6 Rxc2 19. f3 Nh5 20. Nd5
Rxa2 21. Rxc7 Nxg3 22. hxg3 Ra6 23. Ne7+ Kh8 24. Ng6+ Rxg6 25. Rxa7 Be5 26. Kh2
h5 27. Kh3 g4+ 28. fxg4 Rxg4 29. Rd3 Rfg8 30. Rf3 Rxg3+ 31. Rxg3 Bxg3 32. Rb7
h4 33. Rd7 Bf2 34. Rb7 Rd8 35. Rf7 Rd3+ 36. Rf3 Rd2 37. Rf7 Bg3 38. Rb7 Rd1 39.
Kg4 Rd2 40. Kh3 1/2-1/2

[Event "SR 2. liga A 2006/2007"]
[Site "?"]
[Date "2006.??.??"]
[Round "1.8"]
[White "Skapik, Branislav"]
[Black "Zdrazil, Bohumir"]
[Result "1/2-1/2"]
[WhiteElo "1800"]
[BlackElo "1957"]
[PlyCount "49"]
[EventDate "2006.??.??"]

1. e4 e6 2. d4 d5 3. Nd2 Nf6 4. e5 Nfd7 5. f4 c5 6. Ngf3 Nc6 7. Nb3 Qb6 8. c3
Be7 9. Be2 cxd4 10. Nfxd4 Nc5 11. Nxc6 Qxc6 12. Be3 Nxb3 13. Qxb3 Bd7 14. O-O
O-O 15. Rac1 b5 16. g4 Bc5 17. Bd4 Rfc8 18. Qd1 Rc7 19. Qd2 Rac8 20. Rfd1 Qb6
21. Kg2 a5 22. Bxc5 Qxc5 23. Qd4 a4 24. Qxc5 Rxc5 25. a3 1/2-1/2

[Event "SR 2. liga A 2006/2007"]
[Site "?"]
[Date "2006.??.??"]
[Round "2.1"]
[White "Klemanic, Emil"]
[Black "Pacher, Milan"]
[Result "1/2-1/2"]
[WhiteElo "2293"]
[BlackElo "2262"]
[PlyCount "84"]
[EventDate "2006.??.??"]

1. d4 Nf6 2. Bg5 e6 3. Nd2 c5 4. e3 d5 5. Ngf3 Nc6 6. c3 Be7 7. Bd3 O-O 8. Ne5
Nxe5 9. dxe5 Nd7 10. Bf4 f5 11. h4 b6 12. Nf3 Bb7 13. Qe2 Qc7 14. O-O-O Rf7 15.
Rh3 Nf8 16. h5 Rd8 17. h6 g6 18. Ng5 Bxg5 19. Bxg5 Rc8 20. f4 d4 21. c4 b5 22.
b3 a5 23. Kd2 bxc4 24. Bxc4 Be4 25. Ke1 a4 26. g4 axb3 27. axb3 Qa5+ 28. Kf1
fxg4 29. Qxg4 Bf5 30. Qg2 Bxh3 31. Qxh3 Qc3 32. Bxe6 Nxe6 33. Qxe6 Rcf8 34.
exd4 cxd4 35. Qd5 Qh3+ 36. Ke1 Qg3+ 37. Ke2 Rc8 38. Rxd4 Rc1 39. Qa8+ Rf8 40.
Qd5+ Rf7 41. Qa8+ Rf8 42. Qd5+ Rf7 1/2-1/2

[Event "SR 2. liga A 2006/2007"]
[Site "?"]
[Date "2006.10.15"]
[Round "2.1"]
[White "Lesny, Stefan"]
[Black "Tibensky, Robert"]
[Result "0-1"]
[WhiteElo "2103"]
[BlackElo "2385"]
[PlyCount "78"]
[EventDate "2006.??.??"]
[TimeControl "240+2"]

{89MB, Fritz8.ctg, KAIKO-2PTA9HT0L} 1. e4 e6 2. f4 d5 3. e5 c5 4. Nf3 Nh6 5. c3
Be7 6. Na3 O-O 7. Nc2 f6 8. d3 Nc6 9. exf6 Bxf6 10. Be2 Nf5 11. O-O e5 12. fxe5
Nxe5 13. Ne3 Be6 14. Nxf5 Bxf5 15. Nxe5 Bxe5 16. Bf4 Qd6 17. Qd2 Rae8 18. Bxe5
Rxe5 19. Rf2 d4 20. Raf1 Rf6 21. Rd1 Re3 22. Rf3 Rfe6 23. Rxe3 Rxe3 24. Rf1 Qe5
25. Rf2 h6 26. Bf1 Kh7 27. Re2 Bg4 28. Rf2 Bh5 29. cxd4 cxd4 30. Qb4 b6 31. Qf8
Bg6 32. Qf4 Qd5 33. Rd2 Qc5 34. Qg4 Qd5 35. a3 Qe5 36. g3 Qc5 37. Kf2 Bh5 38.
Qh4 Rf3+ 39. Kg1 Rxf1+ 0-1

[Event "SR 2. liga A 2006/2007"]
[Site "?"]
[Date "2006.10.15"]
[Round "2.1"]
[White "Machalova, Veronika"]
[Black "Tepper, Frantisek"]
[Result "1-0"]
[WhiteElo "2222"]
[BlackElo "2182"]
[PlyCount "91"]
[EventDate "2006.??.??"]

1. e4 Nf6 2. e5 Nd5 3. d4 d6 4. c4 Nb6 5. exd6 exd6 6. Be3 d5 7. c5 N6d7 8. Nc3
Nf6 9. Bd3 Be7 10. h3 O-O 11. Nf3 c6 12. O-O Nbd7 13. Re1 Re8 14. Qc2 Nf8 15.
Bf4 Ng6 16. Bh2 Nd7 17. b4 Ndf8 18. b5 Bd7 19. Rab1 Bf6 20. Rxe8 Qxe8 21. bxc6
bxc6 22. Re1 Qd8 23. Ne2 Qa5 24. Rb1 Ne6 25. Bd6 Ngf8 26. Ne5 Be8 27. Kf1 g6
28. Rb7 Bg7 29. Qb2 f6 30. Nf3 Nd7 31. Nf4 Nef8 32. Qb3 Bf7 33. Bc7 Nxc5 34.
Bxa5 Nxb3 35. Rxb3 g5 36. Ne2 Ne6 37. Rb7 c5 38. Rd7 Nf8 39. Rb7 Ne6 40. Bf5 c4
41. Bxh7+ Kxh7 42. Rxf7 Rb8 43. Rxa7 Rb1+ 44. Ne1 f5 45. Bc3 Kg6 46. Rd7 1-0

[Event "SR 2. liga A 2006/2007"]
[Site "?"]
[Date "2006.10.15"]
[Round "2.1"]
[White "Puchart, Vladimir"]
[Black "Petrik, Karol"]
[Result "0-1"]
[WhiteElo "2076"]
[BlackElo "2136"]
[PlyCount "72"]
[EventDate "2006.??.??"]

1. d4 Nf6 2. c4 c5 3. d5 b5 4. g3 bxc4 5. Bg2 d6 6. e4 g6 7. f4 Bg7 8. Nc3 O-O
9. Nf3 Bb7 10. O-O e6 11. dxe6 fxe6 12. Ng5 Qd7 13. e5 Bxg2 14. exf6 Bxf1 15.
fxg7 Kxg7 16. Qxf1 d5 17. Qh3 h6 18. Nf3 Nc6 19. Bd2 Qf7 20. Re1 Rae8 21. Ne5
Nxe5 22. Rxe5 Qb7 23. Bc1 Rf5 24. Nxd5 Rxe5 25. fxe5 g5 26. Nc3 Qc7 27. Qh5 Rf8
28. Qe2 Rf5 29. Qxc4 Rxe5 30. Qf1 Qd6 31. Kg2 Qd4 32. Qd1 Qxd1 33. Nxd1 Re1 34.
Be3 Rxd1 35. Bxc5 e5 36. Kf3 Rd2 0-1

[Event "SR 2. liga A 2006/2007"]
[Site "?"]
[Date "2006.10.15"]
[Round "2.2"]
[White "Biro, Karol"]
[Black "Bednar, Jan"]
[Result "1-0"]
[WhiteElo "2172"]
[BlackElo "2146"]
[PlyCount "133"]
[EventDate "2006.??.??"]

1. c4 e5 2. Nc3 Nc6 3. g3 g6 4. Bg2 Bg7 5. e3 Nge7 6. Nge2 O-O 7. d4 exd4 8.
exd4 d6 9. O-O Bg4 10. h3 Bf5 11. Bf4 Nc8 12. Qd2 Nb6 13. b3 Re8 14. Rad1 h5
15. Kh2 a5 16. a4 Qc8 17. Nb5 Qd8 18. Nec3 Nb4 19. Bxb7 Rb8 20. Bg2 Bc2 21. c5
Nc8 22. Rde1 Rxe1 23. Rxe1 Bxb3 24. Qe2 Bf8 25. Qe8 Ne7 26. Qxd8 Rxd8 27. Bg5
Rd7 28. Ne4 Ned5 29. c6 Nxc6 30. Nf6+ Nxf6 31. Bxc6 Nh7 32. Bh4 Be6 33. Bxd7
Bxd7 34. Bd8 c6 35. Nc3 c5 36. d5 Bg7 37. Bxa5 Ng5 38. Re7 Bf5 39. Re8+ Kh7 40.
h4 Nf3+ 41. Kg2 Ne5 42. Bc7 Nc4 43. Ne4 Be5 44. Ng5+ Kg7 45. a5 f6 46. Ne6+ Kh7
47. Re7+ Kg8 48. a6 Be4+ 49. Kg1 Bxd5 50. a7 Nd2 51. Nf4 Bc6 52. a8=R+ Bxa8 53.
Re8+ Kf7 54. Rxa8 Nf3+ 55. Kf1 Nxh4 56. Ra7 Ke8 57. Nd5 Nf5 58. Ba5 g5 59. Bc3
Bxc3 60. Nxc3 Ne7 61. Ne4 Kf7 62. Nxd6+ Ke6 63. Ne4 Nd5 64. Nxc5+ Kf5 65. Nd7
Ke6 66. Nf8+ Ke5 67. Rh7 1-0

[Event "SR 2. liga A 2006/2007"]
[Site "?"]
[Date "2006.10.15"]
[Round "2.2"]
[White "Bronis, Marian"]
[Black "Sturdik, Igor"]
[Result "1-0"]
[WhiteElo "2155"]
[BlackElo "2056"]
[PlyCount "87"]
[EventDate "2006.??.??"]

1. d4 Nf6 2. c4 c5 3. d5 e6 4. Nc3 exd5 5. cxd5 d6 6. e4 g6 7. f4 Bg7 8. Bb5+
Nbd7 9. Nf3 O-O 10. O-O a6 11. Bd3 b5 12. Kh1 Re8 13. a3 Nb6 14. Bd2 Bg4 15. h3
Bxf3 16. Qxf3 Nfd7 17. Rae1 c4 18. Bc2 Nc5 19. e5 Nbd7 20. exd6 Qb6 21. f5 Ne5
22. Qg3 Qxd6 23. Bf4 Ncd7 24. Ne4 Qxd5 25. f6 Bh8 26. Nc3 Qc5 27. Be3 Qc8 28.
Nd5 Qd8 29. Bg5 h6 30. Bh4 Kf8 31. Qf4 g5 32. Bxg5 hxg5 33. Qxg5 Nxf6 34. Nxf6
Bxf6 35. Rxf6 Qd4 36. Qh6+ Ke7 37. Rb6 Kd7 38. Rxa6 Rxa6 39. Qxa6 Qc5 40. Qb7+
Ke6 41. Qa6+ Ke7 42. Bf5 Kd8 43. Qb7 f6 44. Rd1+ 1-0

[Event "SR 2. liga A 2006/2007"]
[Site "?"]
[Date "2006.10.15"]
[Round "2.2"]
[White "Maslik, Miroslav"]
[Black "Farkas, Gabor"]
[Result "1-0"]
[WhiteElo "2226"]
[BlackElo "2240"]
[PlyCount "87"]
[EventDate "2006.??.??"]
[TimeControl "240+2"]

{89MB, Fritz8.ctg, KAIKO-2PTA9HT0L} 1. d4 Nf6 2. Nf3 g6 3. c4 Bg7 4. Nc3 d5 5.
cxd5 Nxd5 6. e4 Nxc3 7. bxc3 c5 8. Rb1 Nc6 9. d5 Ne5 10. Nxe5 Bxe5 11. Bb5+ Bd7
12. O-O Bxb5 13. Rxb5 Bxc3 14. Rxb7 Qc8 15. Qa4+ Kf8 16. Rxa7 Kg7 17. Be3 Rxa7
18. Qxa7 c4 19. Bd4+ Bxd4 20. Qxd4+ f6 21. Rc1 Qb7 22. Qxc4 Ra8 23. g3 Qb2 24.
Rc2 Qa3 25. Kg2 Ra4 26. Qe2 Qd6 27. Rc6 Qa3 28. e5 Ra7 29. exf6+ exf6 30. d6
Rd7 31. Qe6 Rf7 32. d7 Qa8 33. Qd5 Rf8 34. Rd6 Qxd5+ 35. Rxd5 Rd8 36. Kf3 Kf7
37. Ke4 Ke7 38. Kd4 f5 39. Ke5 h6 40. h4 g5 41. hxg5 hxg5 42. Kxf5 Rf8+ 43.
Kxg5 Kd8 44. f4 1-0

[Event "SR 2. liga A 2006/2007"]
[Site "?"]
[Date "2006.??.??"]
[Round "2.2"]
[White "Ruckschloss, Karol"]
[Black "Skreno, Vladimir"]
[Result "1-0"]
[WhiteElo "2331"]
[BlackElo "2156"]
[PlyCount "47"]
[EventDate "2006.??.??"]

1. c4 Nf6 2. d4 e6 3. Nf3 d5 4. e3 Be7 5. Nc3 O-O 6. Bd3 dxc4 7. Bxc4 a6 8. a4
c5 9. O-O Nc6 10. b3 cxd4 11. exd4 Qc7 12. Qe2 Rd8 13. Rd1 b6 14. Bb2 Bb7 15.
Rac1 Qf4 16. d5 exd5 17. Nxd5 Nxd5 18. Bxd5 Bc5 19. b4 Qxb4 20. Rc4 Qb3 21.
Rxc5 Qxd1+ 22. Qxd1 bxc5 23. Qb3 Na5 24. Qc3 1-0

[Event "SR 2. liga A 2006/2007"]
[Site "?"]
[Date "2006.??.??"]
[Round "2.3"]
[White "Cvicela, Anton"]
[Black "Hacik, Radomir"]
[Result "1-0"]
[WhiteElo "2289"]
[BlackElo "2185"]
[PlyCount "101"]
[EventDate "2006.??.??"]

1. e4 e5 2. Nf3 Nc6 3. Nc3 Nf6 4. d4 exd4 5. Nd5 Nxd5 6. exd5 Bb4+ 7. Bd2 Qe7+
8. Qe2 Bxd2+ 9. Kxd2 d3 10. Qxd3 Qb4+ 11. Qc3 Qxc3+ 12. Kxc3 Ne7 13. d6 Nf5 14.
dxc7 O-O 15. Rd1 d6 16. Bd3 Be6 17. Bxf5 Bxf5 18. Rxd6 Rac8 19. Kd2 Rxc7 20.
Nd4 Bg6 21. Re1 Rfc8 22. c3 a6 23. f4 f6 24. Re3 Bf7 25. a3 Re8 26. Nf5 Rxe3
27. Kxe3 Bg6 28. Nd4 Re7+ 29. Re6 Rd7 30. f5 Bf7 31. Rb6 Bd5 32. g3 Kf7 33. Ne6
g6 34. Nc5 Rc7 35. Kd4 Bc6 36. fxg6+ Kxg6 37. b4 Kf5 38. a4 h5 39. c4 h4 40.
gxh4 Rh7 41. b5 axb5 42. axb5 Bg2 43. h5 Kg5 44. h6 f5 45. Ke5 Re7+ 46. Ne6+
Kg4 47. Kf6 Rh7 48. Kg6 f4 49. Kxh7 f3 50. Nd4 f2 51. Rf6 1-0

[Event "SR 2. liga A 2006/2007"]
[Site "?"]
[Date "2006.10.15"]
[Round "2.3"]
[White "Duben, Igor"]
[Black "Fabry, Robert"]
[Result "0-1"]
[WhiteElo "2205"]
[BlackElo "2193"]
[PlyCount "122"]
[EventDate "2006.??.??"]

1. e4 e5 2. Nf3 Nc6 3. Bc4 Nf6 4. Ng5 d5 5. exd5 Na5 6. Bb5+ c6 7. dxc6 bxc6 8.
Qf3 Bd7 9. Ba4 Bd6 10. Nc3 O-O 11. O-O Rb8 12. d3 Bg4 13. Qe3 Nd5 14. Qg3 Nxc3
15. bxc3 Bf5 16. Qf3 Bg6 17. Ne4 Be7 18. Bb3 Kh8 19. Be3 f5 20. Nc5 f4 21. Ne6
fxe3 22. Qxe3 Qb6 23. Nxf8 Rxf8 24. Qxe5 Bf6 25. Qe1 c5 26. Rb1 Qd6 27. Ba4 Nc6
28. Bxc6 Qxc6 29. Qd2 Qa4 30. c4 Qxa2 31. Rb5 Bd4 32. Ra5 Qb2 33. h3 Bc3 34.
Rb5 Qxb5 35. Qxc3 Qb4 36. Qe5 Re8 37. Qd5 a5 38. f4 Re1 39. f5 Be8 40. Qd8 Qd2
41. Kh2 Qe3 42. Rxe1 Qxe1 43. Qd6 Kg8 44. Qd5+ Kf8 45. Qxc5+ Kf7 46. d4 a4 47.
g4 Qf2+ 48. Kh1 Qf3+ 49. Kh2 Qc6 50. Qa7+ Qd7 51. Qc5 Qc6 52. Qa7+ Kf6 53. g5+
Kxf5 54. Qxg7 Qd6+ 55. Kg2 Bg6 56. Qa7 Kf4 57. Qxa4 Qxd4 58. Qb4 Be4+ 59. Kf1
Qd1+ 60. Kf2 Qxc2+ 61. Ke1 Qb1+ 0-1

[Event "SR 2. liga A 2006/2007"]
[Site "?"]
[Date "2006.10.15"]
[Round "2.3"]
[White "Mosny, Jaroslav"]
[Black "Kebis, Milos"]
[Result "1-0"]
[WhiteElo "2054"]
[BlackElo "2053"]
[PlyCount "91"]
[EventDate "2006.??.??"]

1. d4 Nf6 2. Nf3 d5 3. c4 g6 4. Nc3 Bg7 5. Qb3 dxc4 6. Qxc4 O-O 7. e4 Nbd7 8.
Be2 Nb6 9. Qb3 Be6 10. d5 Bg4 11. h3 Bxf3 12. Bxf3 Nfd7 13. Be3 Ne5 14. Be2 c6
15. Rd1 Qc7 16. O-O Rfd8 17. f4 Ned7 18. e5 cxd5 19. Nxd5 Nxd5 20. Rxd5 e6 21.
Rdd1 Bf8 22. Rc1 Bc5 23. Bxc5 Nxc5 24. Qe3 Qa5 25. Rxc5 Qb4 26. Qc3 Qe4 27. Bf3
Qa4 28. Qc4 Qe8 29. Rd1 Rxd1+ 30. Bxd1 Rd8 31. Bf3 b6 32. Rc7 a5 33. Bb7 Rd1+
34. Kh2 Kg7 35. Qc6 Qd8 36. Qxb6 Qd2 37. Rc4 Qe1 38. Bf3 h5 39. Bxd1 Qxd1 40.
Qf2 Qd5 41. b3 g5 42. Rc5 Qd3 43. fxg5 Qf5 44. Qxf5 exf5 45. Rc6 h4 46. g3 1-0

[Event "SR 2. liga A 2006/2007"]
[Site "?"]
[Date "2006.10.15"]
[Round "2.3"]
[White "Petenyi, Tamas"]
[Black "Hartl, Jan"]
[Result "1/2-1/2"]
[WhiteElo "2125"]
[BlackElo "2158"]
[PlyCount "88"]
[EventDate "2006.??.??"]
[TimeControl "240+2"]

{89MB, Fritz8.ctg, KAIKO-2PTA9HT0L} 1. e4 e5 2. Nf3 Nc6 3. Bb5 a6 4. Ba4 Nf6 5.
d3 d6 6. c3 Be7 7. O-O O-O 8. Nbd2 b5 9. Bb3 Na5 10. Bc2 c5 11. d4 cxd4 12.
cxd4 Nc6 13. d5 Nb4 14. Bb1 a5 15. a3 Na6 16. b4 axb4 17. axb4 Bd7 18. Qb3 Ne8
19. Bb2 g6 20. Ne1 Bg5 21. Bc3 f5 22. exf5 gxf5 23. g3 Bf6 24. Ng2 Qb6 25. Kh1
Rc8 26. Bb2 Kh8 27. Qa3 Ra8 28. g4 Nac7 29. Qb3 Rxa1 30. Bxa1 Qb7 31. gxf5 Qxd5
32. Qe3 Qa8 33. Be4 Bc6 34. Bxc6 Qxc6 35. Ne4 Rg8 36. f3 Nd5 37. Qd2 Ne7 38.
Rc1 Qd7 39. Nxf6 Nxf6 40. f4 Qxf5 41. Qxd6 Rxg2 42. Kxg2 Qe4+ 43. Kg1 Qe3+ 44.
Kg2 Qe2+ 1/2-1/2

[Event "SR 2. liga A 2006/2007"]
[Site "?"]
[Date "2006.??.??"]
[Round "2.4"]
[White "Djubek, Boris"]
[Black "Malar, Pavol"]
[Result "0-1"]
[WhiteElo "2174"]
[BlackElo "2078"]
[PlyCount "90"]
[EventDate "2006.??.??"]

1. d4 Nf6 2. c4 e6 3. Nc3 Bb4 4. a3 Bxc3+ 5. bxc3 c5 6. Qc2 Nc6 7. Nf3 d6 8. e4
e5 9. Bb2 O-O 10. Bd3 Qe7 11. O-O b6 12. Rfe1 Na5 13. d5 Ba6 14. Nd2 Nh5 15. g3
g6 16. Rf1 Qd7 17. Qd1 Ng7 18. f4 f5 19. fxe5 dxe5 20. Qe2 Rae8 21. Rae1 Nb7
22. Ra1 Nd6 23. a4 Qe7 24. a5 Bc8 25. Bc1 f4 26. Rf2 fxg3 27. hxg3 Nh5 28. Nf1
Nf7 29. axb6 axb6 30. Rb1 Ng5 31. Bxg5 Qxg5 32. Qd2 Nf4 33. Rg2 Nh3+ 34. Kh2
Qf6 35. Qe3 g5 36. Rgb2 Nf2 37. Rxb6 Ng4+ 38. Kg1 Nxe3 39. Rxf6 Rxf6 40. Nxe3
Rf3 41. Re1 Rxg3+ 42. Kf2 Rh3 43. Bf1 Rf8+ 44. Kg1 Rg3+ 45. Bg2 h5 0-1

[Event "SR 2. liga A 2006/2007"]
[Site "?"]
[Date "2006.10.15"]
[Round "2.4"]
[White "Janos, Ivan"]
[Black "Bebiak, Jozef"]
[Result "1-0"]
[WhiteElo "2153"]
[BlackElo "2145"]
[PlyCount "51"]
[EventDate "2006.??.??"]
[TimeControl "240+2"]

{89MB, Fritz8.ctg, KAIKO-2PTA9HT0L} 1. e4 c5 2. Nf3 d6 3. d4 cxd4 4. Nxd4 e5 5.
Nb5 a6 6. N5c3 Be7 7. Nd5 Nf6 8. Nbc3 Be6 9. Be3 Nbd7 10. g3 b5 11. a3 O-O 12.
Bg2 Nxd5 13. Nxd5 Nf6 14. Nxf6+ Bxf6 15. Qd2 Qc7 16. O-O Rac8 17. Rfc1 Rfd8 18.
a4 Qc6 19. axb5 axb5 20. Ra3 Ra8 21. Rc3 Qb7 22. Rd3 Be7 23. b3 Ra2 24. Bc5 Qc6
25. Bb4 Bxb3 26. Rxb3 1-0

[Event "SR 2. liga A 2006/2007"]
[Site "?"]
[Date "2006.10.15"]
[Round "2.4"]
[White "Janos, Jozef"]
[Black "Machalova, Erika"]
[Result "1-0"]
[WhiteElo "2227"]
[BlackElo "2056"]
[PlyCount "81"]
[EventDate "2006.??.??"]

1. d4 Nf6 2. Nf3 e6 3. c4 b6 4. g3 Bb7 5. Bg2 Be7 6. Nc3 O-O 7. O-O d6 8. d5 e5
9. e4 Nfd7 10. Be3 a5 11. a3 Na6 12. Rb1 Bf6 13. b4 axb4 14. axb4 Bc8 15. Ra1
Rb8 16. Ra4 Bb7 17. Nb5 Ra8 18. Qd2 Be7 19. Rfa1 Nf6 20. Nh4 Ng4 21. Nf5 Nxe3
22. Qxe3 g6 23. Nxe7+ Qxe7 24. R1a3 Qd7 25. Qd2 Kg7 26. h4 h6 27. Kh2 f5 28.
Bh3 Qe7 29. exf5 gxf5 30. Qe2 f4 31. Nd4 Kh8 32. Ne6 Rf6 33. b5 fxg3+ 34. fxg3
Qf7 35. Ra2 Nb8 36. Rxa8 Bxa8 37. Bg2 Bb7 38. Nd8 Qg7 39. Nxb7 Rg6 40. Ra8 Qg8
41. Qh5 1-0

[Event "SR 2. liga A 2006/2007"]
[Site "?"]
[Date "2006.10.15"]
[Round "2.4"]
[White "Vinarcik, Jan"]
[Black "Krist, Milan"]
[Result "0-1"]
[WhiteElo "2027"]
[BlackElo "2039"]
[PlyCount "64"]
[EventDate "2006.??.??"]

1. e4 e6 2. d4 d5 3. Nd2 Nf6 4. e5 Nfd7 5. Ngf3 c5 6. c3 cxd4 7. cxd4 Nc6 8.
Be2 Be7 9. O-O O-O 10. Nb3 a5 11. a4 Nb4 12. Bb5 Nb6 13. Nc5 Nd7 14. Bxd7 Bxd7
15. Nxb7 Qc7 16. Nc5 Bxc5 17. dxc5 Qxc5 18. Be3 Qc6 19. Nd4 Qb7 20. b3 Rfc8 21.
Qg4 Kh8 22. f4 Nc2 23. Nxc2 Rxc2 24. Rf3 d4 25. Rg3 Rg8 26. Bxd4 Qe4 27. Bf2
Rxf2 28. Rd1 Rxf4 29. Qg5 Rf5 30. Qe7 Bc6 31. Qc7 Qe2 32. Rc1 Qf2+ 0-1

[Event "SR 2. liga A 2006/2007"]
[Site "?"]
[Date "2006.??.??"]
[Round "2.5"]
[White "Gajarsky, Roman"]
[Black "Sturc, Gustav"]
[Result "0-1"]
[WhiteElo "2173"]
[BlackElo "2008"]
[PlyCount "58"]
[EventDate "2006.??.??"]

1. e4 e5 2. Nf3 Nc6 3. Bc4 d6 4. h3 Na5 5. Bb3 Nxb3 6. axb3 f5 7. Nc3 Nf6 8. d3
Be7 9. Bg5 O-O 10. Bxf6 Bxf6 11. Nd5 c6 12. Nxf6+ Qxf6 13. Qd2 h6 14. O-O-O a5
15. Qe3 a4 16. d4 fxe4 17. dxe5 dxe5 18. Qxe4 axb3 19. cxb3 Be6 20. Rhe1 Bxb3
21. Rd3 Bd5 22. Rxd5 Ra1+ 23. Kd2 Rxe1 24. Kxe1 cxd5 25. Qxd5+ Kh8 26. Qxe5 Qc6
27. Qc3 Re8+ 28. Kd2 Qb5 29. Nd4 Qg5+ 0-1

[Event "SR 2. liga A 2006/2007"]
[Site "?"]
[Date "2006.10.15"]
[Round "2.5"]
[White "Magyar, Frantisek"]
[Black "Mikulas, Dusan"]
[Result "1/2-1/2"]
[WhiteElo "1990"]
[BlackElo "2151"]
[PlyCount "24"]
[EventDate "2006.??.??"]

1. d4 d5 2. Nf3 Nf6 3. c4 e6 4. Bg5 Be7 5. e3 Nbd7 6. Nc3 c6 7. Bd3 dxc4 8.
Bxc4 Nd5 9. Bxe7 Qxe7 10. O-O O-O 11. Rc1 Nxc3 12. Rxc3 e5 1/2-1/2

[Event "SR 2. liga A 2006/2007"]
[Site "?"]
[Date "2006.10.15"]
[Round "2.5"]
[White "Puskas, Miroslav"]
[Black "Mandak, Miroslav"]
[Result "1/2-1/2"]
[WhiteElo "2025"]
[BlackElo "2080"]
[PlyCount "48"]
[EventDate "2006.??.??"]

1. e4 c5 2. Nf3 Nc6 3. d4 cxd4 4. Nxd4 Nf6 5. Nc3 e5 6. Nb3 d6 7. Bg5 Be7 8.
Bb5 O-O 9. O-O Be6 10. Bxc6 bxc6 11. Re1 Ng4 12. Bxe7 Qxe7 13. h3 Nf6 14. Qe2
Nd7 15. Qa6 Nb6 16. Na5 Rac8 17. Rad1 f6 18. b3 f5 19. Qd3 d5 20. exd5 Bxd5 21.
Nxd5 cxd5 22. c4 dxc4 23. Nxc4 Nxc4 24. bxc4 e4 1/2-1/2

[Event "SR 2. liga A 2006/2007"]
[Site "?"]
[Date "2006.10.15"]
[Round "2.5"]
[White "Varga, David"]
[Black "Michal, Silvio"]
[Result "1-0"]
[WhiteElo "2184"]
[BlackElo "2135"]
[PlyCount "52"]
[EventDate "2006.??.??"]
[TimeControl "240+2"]

{89MB, Fritz8.ctg, KAIKO-2PTA9HT0L} 1. e4 g6 2. d4 Bg7 3. f4 d5 4. e5 h5 5. Nf3
Nh6 6. c4 O-O 7. cxd5 Qxd5 8. Nc3 Qa5 9. Bd2 c6 10. Qa4 Qb6 11. Bd3 Bf5 12. Ne4
a5 13. b4 axb4 14. Qxb4 Qc7 15. O-O Na6 16. Qc3 Rfd8 17. Kh1 Bxe4 18. Bxe4 e6
19. Rab1 Qc8 20. Qb3 Nc7 21. Qxb7 Rxa2 22. Qxc6 Nd5 23. Qxc8 Rxc8 24. Rb5 Nf5
25. Bxd5 Nxd4 26. Bxa2 Nxb5 1-0

[Event "SR 2. liga A 2006/2007"]
[Site "?"]
[Date "2006.10.15"]
[Round "2.6"]
[White "Kolman, Richard"]
[Black "Flak, Juraj"]
[Result "1-0"]
[WhiteElo "2096"]
[BlackElo "2035"]
[PlyCount "97"]
[EventDate "2006.??.??"]

1. d4 Nf6 2. Nf3 e6 3. Bg5 Be7 4. Nbd2 d5 5. e3 O-O 6. Bd3 b6 7. Ne5 Bb7 8. Qf3
Nbd7 9. Qh3 Nxe5 10. dxe5 Ne4 11. Bxe7 Qxe7 12. f3 Ng5 13. Qh4 f6 14. O-O Rae8
15. f4 Ne4 16. Nf3 f5 17. Qxe7 Rxe7 18. Rfd1 Nc5 19. b4 Na4 20. Nd4 a6 21. Ne2
b5 22. c3 Ree8 23. Bc2 Nb6 24. a4 Ra8 25. axb5 axb5 26. Nd4 Kf7 27. Nxb5 Nc4
28. Kf2 c6 29. Nd4 Ke7 30. Nb3 Rxa1 31. Rxa1 Ra8 32. Rxa8 Bxa8 33. Nc5 Na3 34.
Bd3 Nb5 35. Bxb5 cxb5 36. Ke2 d4 37. g3 dxc3 38. Kd3 Bd5 39. Kxc3 g6 40. Kd4
Kd8 41. e4 Bc4 42. exf5 gxf5 43. Nb7+ Kc7 44. Nd6 Bf1 45. Kc5 Bg2 46. Nxb5+ Kd7
47. Nd6 h5 48. Kb6 Bd5 49. b5 1-0